000 00440ntaaa2200181 4500
003 01
005 20251027201947.0
008 0714s1973 ag 01
040 _aAR-BaBN
_bspa
_cAR-BaBN
_eaacr
_dRIC
082 _a248.0000 M816
100 _aNavarro Monzó, Julio
_916441
245 _aCamino de santidad
250 _a1 ed.
260 _aBuenos Aires :
_bMundo Nuevo,
_c1928
300 _a396 p.
650 _aVida Cristiana
942 _cBK
999 _c14340
_d14340